| 000 | 01218nam0a22003131 4500 | ||
|---|---|---|---|
| 001 | v19\rc\1801967 | ||
| 005 | 20071130154623.0 | ||
| 035 | _a(NLR Aleph) 004902889 | ||
| 090 |
_a5394098 _c5394098 |
||
| 100 | _a20071130e19071907|||y0rusy50 ca | ||
| 101 | 0 | _arus | |
| 102 | _aRU | ||
| 105 | _ay z ||||| | ||
| 200 | 1 |
_aПять речей в память В.А. Грингмута _fПрот. Иоанн Восторгов |
|
| 210 |
_aМосква _cВерность _d1907 |
||
| 215 |
_a48 с. _d18 |
||
| 300 | _aНа тит. л. номер изд.: № 61 | ||
| 311 | _aИз "Моск. вед." 1907 г., №№ 225, 226, 229, 238 и 255 | ||
| 488 | 0 | _12001#$aМосковские ведомости$v1907, № 225, 226, 229, 238, 255 | |
| 532 | 1 | 0 | _aПять речей в память Владимира Андреевича Грингмута |
| 700 | 1 |
_aВосторгов _bИ. И. _f1867-1918 _gИоанн Иоаннович |
|
| 702 | 1 |
_aГрингмут _bВ. А. _f1851- _gВладимир Андреевич _4280 |
|
| 801 | 0 |
_aRU _bNLR _gpsbo |
|
| 801 | 0 |
_aRU _bRuMoRGB _2psbo |
|
| 801 | 1 |
_aRU _bProSoft-M _2rusmarc |
|
| 852 |
_aNLR _j34.84.3.714 |
||
| 899 |
_aRuMoRGB _jU 25/3056 |
||
| 942 | _cBOOK | ||
| 980 | _aNB | ||